Escudos Italia 24/25 - Estadísticas

Estadísticas generales
  • Esta prueba ha sido intentada 39 veces
  • La puntuación promedio es 50 de 60
Estadísticas de respuestas
Imagen Respuesta % Correcto
Cagliari
100%
Lecce
100%
Pisa
100%
Sassuolo
100%
Atalanta
97%
Como
97%
Crotone
97%
Lazio
97%
Napoles
97%
Parma
97%
Roma
97%
Torino
97%
Bari
94%
Inter
94%
Juventus
94%
Latina
94%
Livorno
94%
Monza
94%
Novara
94%
Padova
94%
Perugia
94%
Reggina
94%
Trento
94%
Vicenza
94%
Catania
91%
Catanzaro
91%
Empoli
91%
Feralpisalo
91%
Fiorentina
91%
Frosinone
91%
Mantova
91%
Milan
91%
Pescara
91%
Siena
91%
SPAL
91%
Udinese
91%
Ascoli
89%
Benevento
89%
Reggiana
89%
Ternana
89%
Cittadella
86%
Cosenza
86%
Lecco
86%
Sudtirol
86%
Virtus Entella
83%
Genoa
77%
Juve Stabia
77%
Sampdoria
77%
Venezia
77%
Bologna
74%
Avellino
71%
Hellas Verona
71%
Palermo
60%
Salernitana
57%
Brescia
54%
Cremonese
43%
Cesena
29%
Modena
26%
Spezia
23%
Carrarese
9%
No se encontraron pruebas coincidentes
Distribución de puntuación
Porcentaje de gente con cada puntuación
Porcentaje por número respondido
Historial de tus puntuaciones
No has intentado esta prueba.